000 01163nam2a2200313 4500
001 RU\NLR\bibl\109144
005 20250617091156.0
010 _a5-88707-016-1
_91500
021 _aRU
_b2000-19872
_9932
035 _a(NLR Aleph) 000106827
090 _a605005
_c605005
100 _a20000920d2000 |||y0rusy50 ca
101 0 _arus
102 _aRU
105 _ay |||||||||
200 1 _aКнига Бытия
210 _d2000
_aБ. м.
215 _a287 с.
_d20
320 _aБиблиогр.: с. 282-286 ( 106 назв.)
461 0 _1001RU\NLR\bibl\119532
_12001#$aВведение в Ветхий Завет$v[Т.] 1
_9665558
_aЩедровицкий, Д.
_cМ.
_d2000
_fД. Щедровицкий
_nТеревинф
_tВведение в Ветхий Завет
_y5-88707-015-3
_v[Т.] 1
605 _aБиблия
_iВетхий Завет
_iКнига Бытия
_xИсследование текста
_92184175
_3RU\NLR\auth\661313267
686 _aЭ37-210.911
801 0 _aRU
_bNLR
_c20000920
_gPSBO
801 1 _aRU
_bNLR
_c20000920
852 _aNLR
_j2000-3/13942
942 _cBOOK
980 _aNB